LEADER 01288nam a2200301 a 4500 001 000000130382 003 CaOOAMICUS 005 20120924144314.0 008 120924s2012 it af u000 u ita r 040 $aPUL$bita 082 04$a306.8 100 1 $aVegetti Finzi, Silvia,$d1938-$0(OLS)http://pul/name/34127 245 13$aIl bambino della notte /$cSilvia Vegetti Finzi ; prefazione di Elena Rosci. 260 $aMilano :$bR.C.S. Libri,$c©2012. 300 $aXII, 340 p., [5] p. di tav. :$bill. ;$c20 cm 490 1 $aBiblioteca dei genitori ;$v10 500 $aEd. speciale per il Corriere della Sera. 504 $aInclude riferimenti bibliografici. 650 4$aMaternità$xAspetti socio-culturali.$0(OLS)http://pul/subject/38806 700 1 $aRosci, Elena.$0(OLS)http://pul/name/83111 830 0$aBiblioteca dei genitori ;$v10.$0(OLS)http://pul/title/84363 850 $aPUL 852 $aPUL$W1$xDP2 Diritto e Scienze Sociali 3$y110$m306. 8 COLL 1.10$j150902$qDDC 21$B149490$CPULBib$Z2$F149490 $H120745 $82 941 1 $a9 996 $6082$a306.8$9(OLS)http://pul/classification/699 996 $6245$aIl bambino della notte$9(OLS)http://pul/title/164782 996 $6260$aMilano :$bR.C.S. Libri$9(OLS)http://pul/publisher/74600 LEADER 01511nam a2200313 u 4500 001 000000059736 003 CaOOAMICUS 005 20070226120831.0 008 010704q1963 it u000 u lat u 035 $a10895708 040 $aPUL(R)$bita 110 2 $aTribunale della Rota Romana.$0(OLS)http://pul/name/76356 245 10$aDecisiones seu sententiae selectae inter eas quae anno 1953 prodierunt, cura eiusdem Apostolici Tribunalis editae.$nVolumen XLV. 260 $aRomae :$bTypis Polyglottis Vaticanis,$c1963?. 300 $aviii, 843 p. ;$c26 cm 500 $aIn testa al front.: Tribunal Apostolicum Sacrae Romanae Rotae. 500 $a"Index sententiarum": p. iii-viii. 500 $a"Index rerum notabilium per ordinem alphabeticum digestus": p. [809]-841. 650 4$aDiritto canonico.$0(OLS)http://pul/subject/1294 650 4$aTribunali ecclesiastici.$0(OLS)http://pul/subject/2672 850 $aPUL 852 $aPUL$W1$xSL Diritto Canonico 3$y77$m262. 99 CAN.8 1.45$j77876$nBK-PRI$b $qDDC 21$B77876$CPULBib$Z2$F77876 $H25010 $82 910 $aSacra Romana Rota$976356 910 $aRomana rota$976356 910 $aRota romana$976356 910 $aRotae romanae tribunal$976356 941 1 $a9 996 $6245$aDecisiones seu sententiae selectae inter eas quae anno 1953 prodierunt, cura eiusdem Apostolici Tribunalis editae.$nVolumen XLV$9(OLS)http://pul/title/79957 996 $6260$aRomae :$bTypis Polyglottis Vaticanis$9(OLS)http://pul/publisher/48677